000 00599nam a2200241Ia 4500
003 OSt
005 20221005122445.0
006 a|||||r|||| 00| 0
007 ta
008 221004b |||||||| |||| 00| 0 tam d
024 _a49348
037 _cTextual
040 _aCRL
_cCRL
_btam
041 _2tam
_atam
082 _aO31,3N00x, H7
100 _aPichchamurthy Au.
_9632025
245 0 _aJumperum vesthiyum
260 _c1947
300 _a96p.
_ccm.
650 _aTAMIL FICTION
942 _hO31,3N00x, H7
_cTEXL
_2cc
999 _c1044363
_d1044363